Development and structure of plants: A photographic study. (Record no. 20584)

MARC details
000 -LEADER
fixed length control field 00386nam a2200133Ia 4500
082 ## - DEWEY DECIMAL CLASSIFICATION NUMBER
Classification number 581.14
Item number LEE
100 ## - MAIN ENTRY--AUTHOR NAME
Personal name HEIMSCH, Charles
245 #0 - TITLE STATEMENT
Title Development and structure of plants: A photographic study.
260 ## - PUBLICATION, DISTRIBUTION, ETC. (IMPRINT)
Place of publication New York
Name of publisher Holt, Rinehart and Winston
Year of publication 1962
650 ## - SUBJECT ADDED ENTRY--TOPICAL TERM
Topical Term Plant structure
700 ## - ADDED ENTRY--PERSONAL NAME
Personal name LEE, Addison E
942 ## - ADDED ENTRY ELEMENTS (KOHA)
Koha item type Books
Holdings
Withdrawn status Lost status Damaged status Not for loan Home library Current library Date acquired Full call number Accession Number Koha item type
        RRII Library RRII Library 16/12/2021 581.14 LEE 01306 Books